| 000 | 00000nas 2200000za 4500 |
| 001 | 9.823890 |
| 003 | CaOODSP |
| 005 | 20221107144011 |
| 007 | cr ||||||||||| |
| 008 | 160909d19622007oncmr p oss f0###a0fre|d |
| 022 | |y1181-6732 |
| 040 | |aCaOODSP|bfre |
| 041 | |aeng|afre |
| 043 | |an-cn--- |
| 086 | 1 |aCS65-004-PDF |
| 245 | 00|aExports by commodity |h[ressource électronique]. |
| 246 | 13|aExports by commodities |
| 246 | 13|aExportations par marchandise|fjanv. 1966-déc. 2007 |
| 246 | 13|aExports by commodity (H.S. based).|fjanv. 1988-mai 1990 |
| 246 | 13|aExportations par marchandise (base du S.H.)|fjanv. 1988-mai 1990 |
| 246 | 13|aExportations par marchandises |
| 260 | |a[Ottawa] : |bDominion Bureau of Statistics, External Trade Division, |c1962-2008. |
| 310 | |aMensuel |
| 362 | 0 |aVol. 19, no. 1 (janv. 1962)-v. 64, no. 12 (déc. 2007). |
| 500 | |aÉdition numérisée de l’imprimé [par Statistique Canada]. |
| 520 | |aCette publication fournit des données sur le commerce d'exportation détaillées (quantité et valeur) pour le mois en cours et l'année à jour par produit et par pays selon le Système harmonisé (SH) au niveau à six chiffres et résumé des données par pays, section (SH) et la province d'origine. |
| 546 | |aTexte en anglais seulement, janv. 1962-déc. 1965; texte en anglais et en français, janv. 1966-déc. 2007. |
| 550 | |aPubl. janv. 1972-janv. 1985 par Statistique Canada, Division du commerce extérieur; févr. 1985-déc. 2007 par la Division du commerce international. |
| 692 | 07|2gccst|aExportation |
| 692 | 07|2gccst|aProduit de base |
| 710 | 1 |aCanada.|bBureau fédéral de la statistique.|bSection du commerce extérieur. |
| 710 | 2 |aStatistique Canada.|bDivision du commerce extérieur. |
| 710 | 2 |aStatistique Canada.|bDivision du commerce international. |
| 791 | |tExports by commodity |eeng|w(CaOODSP)9.823887 |